All foreign players Sheffield United - Statistics

General Stats
  • This quiz has been taken 10 times
  • The average score is 39 of 128
Answer Stats
Hint Answer % Correct
Anel Ahmedhodžić
86%
Sander Berge
86%
George Baldock
71%
Ahmed Fathi
57%
Auston Trusty
57%
Bénie Traoré
57%
Georges Santos
57%
Gustavo Hamer
57%
Iliman Ndiaye
57%
Jan Åge Fjørtoft
57%
Jihai Sun
57%
Jostein Flo
57%
Laurent D'Jaffo
57%
Luton Shelton
57%
Lys Mousset
57%
Muhamed Bešić
57%
Patrick Suffo
57%
Ravel Morrison
57%
Alejandro Sabella
43%
Anis Ben Slimane
43%
Claude Davis
43%
Danny Higginbotham
43%
David Edgar
43%
Ismaili Coulibaly
43%
Marlon King
43%
Michael Verrips
43%
Olivier Tebily
43%
Panagiotis Retsos
43%
Paul Hall
43%
Reda Khadra
43%
Richairo Živković
43%
Robin Olsen
43%
Roger Nilsen
43%
Vassilis Borbokis
43%
Vinicius Souza
43%
Yasser Larouci
43%
Adlène Guédioura
29%
Anders Jacobsen
29%
Arturo Lupoli
29%
Axel Smeets
29%
Barry Hayles
29%
Bjørn Helge Riise
29%
Bruno Ribeiro
29%
Cameron Carter-Vickers
29%
Christian Nadé
29%
Colin Kâzım-Richards
29%
Daniel Bogdanović
29%
David Carney
29%
David Johnson
29%
David Sommeil
29%
Doug Hodgson
29%
Dries Boussatta
29%
Emanuele Gabrieli
29%
Erik Tønne
29%
Febian Brandy
29%
Filip Uremović
29%
Florent Cuvelier
29%
Frank Talia
29%
Georgios Donis
29%
Henri Camara
29%
Jamal Campbell-Ryce
29%
Jean Calvé
29%
Jean-Manuel Thétis
29%
Jonas Wirmola
29%
Jonathan Forte
29%
Jordan Amissah
29%
Justin Haber
29%
Kacper Łopata
29%
Laurens Ten Heuvel
29%
Lecsinel Jean-François
29%
Mamadou Seck
29%
Marcelo
29%
Michel Vonk
29%
Mikele Leigertwood
29%
Nayron Nosworthy
29%
Nick Blackman
29%
Paul Ifill
29%
Paul Peschisolido
29%
Pedro Verde
29%
Peter Ndlovu
29%
Petr Kachuro
29%
Ritchie De Laet
29%
Shaun Murphy
29%
Tie Li
29%
Toni Kallio
29%
Traianos Dellas
29%
Wilko De Vogt
29%
Yaokun Zhang
29%
Arno Bertonga
14%
Aymen Tahar
14%
Ben Starosta
14%
Carl Ikeme
14%
Carl Vaert
14%
Che Bunce
14%
Dan Petersen
14%
Davy Gijsbrechts
14%
Dominic Poleon
14%
Elian Parrino
14%
Goran Slavkovski
14%
Guus Uhlenbeek
14%
Haidong Hao
14%
Hans Segers
14%
Jean-Francois Lescinel
14%
Jean-Phillipe Javary
14%
Jock Gibson
14%
Johannes Ertl
14%
Kristoffer Løkberg
14%
Kyle Nix
14%
Lawrence Thomas
14%
Lee Baxter
14%
Lee Williamson
14%
Lilian Nalis
14%
Lyle Taylor
14%
Marcel Cas
14%
Marcel Seip
14%
Marc Warren
14%
Maxime Chanot
14%
Mihkel Aksalu
14%
Nathaniel Mendez-Laing
14%
Nicksoen Gomis
14%
Nicolas Weber
14%
Rafe Wolfe
14%
Sagi Burton
14%
Saša Ilić
14%
Shane Lowry
14%
Shokichi Sato
14%
Stefano Visi
14%
Vincent Péricard
14%
No matching quizzes found
Score Distribution
Percent of People with Each Score
Percentile by Number Answered
Your Score History
You have not taken this quiz